[Event "15th Governor Cup 2019"]
[Site "Khanty-Mansiysk"]
[Date "2019.11.20"]
[Round "2.8"]
[White "Safin, Robert"]
[Black "Frolyanov, Dmitry"]
[Result "1-0"]
[WhiteElo "2182"]
[BlackElo "2556"]
[Annotator "TA"]
[PlyCount "32"]
[EventDate "2019.11.19"]
[EventType "swiss"]
[EventCountry "RUS"]
[SourceTitle "playchess.com"]
[Source "ChessBase"]
[SourceQuality "1"]

{[%evp 15,32,0,45,49,43,25,37,40,43,52,31,44,95,75,75,78,125,63,45]} 1. d4 Nf6 2. c4 e6 3. g3 d5 4. Nf3 dxc4 5. Bg2 a6 6. O-O Nc6 7. Nc3 Rb8 8. e4 b5 9. d5 {E04: Open Catalan: 5 Nf3} Nb4 (9... exd5 10. exd5 Nb4 11. Nd4 Bd7 12. Re1+ Be7 13. Qe2 Nd3 14. Bg5 Kf8 15. Rf1 h6 16. Be3 g6 {0-1 (32) Landa,K (2655)-Naiditsch,A (2697) Mainz 2009}) 10. b3 exd5 11. exd5 Bd6 ({Avoid the trap} 11... Nbxd5 $2 12. Nxd5 Nxd5 13. Ne5 $18) 12. bxc4 bxc4 13. Qe2+ Kf8 $146 ({Black should play} 13... Qe7 $14 14. Qxc4 O-O) ({Predecessor:} 13... Qe7 14. Qxc4 O-O 15. Bg5 a5 16. Rfe1 Qd8 {½-½ (42) Mercadal Benejam,J (2431)-Vetter,G (2387) ICCF email 2010}) 14. Qxc4 $16 {[#] Black must now prevent a3.} a5 {next ...Ba6 is good for Black.} 15. Nd4 Be5 16. a4 (16. Rd1 $16) 16... Kg8 1-0

[Event "15th Governor Cup 2019"]
[Site "Khanty-Mansiysk"]
[Date "2019.11.20"]
[Round "2.9"]
[White "Iljiushenok, Ilia"]
[Black "Martynyuk, Elizaveta"]
[Result "1-0"]
[WhiteElo "2532"]
[BlackElo "2020"]
[Annotator "TA"]
[PlyCount "40"]
[EventDate "2019.11.19"]
[EventType "swiss"]
[EventCountry "RUS"]
[SourceTitle "playchess.com"]
[Source "ChessBase"]
[SourceQuality "1"]

{[%evp 9,40,26,49,14,29,0,0,0,0,3,14,14,38,8,5,0,75,84,80,91,75,76,81,87,86,82,104,87,125,127,110,122,119]} 1. e4 c5 2. Nf3 e6 3. d4 cxd4 4. Nxd4 Nc6 5. Nc3 Qc7 6. Qd3 {B47: Sicilian: Taimanov: 5 Nc3 Qc7 6 f4, 6 g3 and 6 Be2} (6. Be3 a6 7. Qf3 Ne5 8. Qg3 h5 9. Bg5 f6 10. Bf4 Ne7 11. O-O-O Kf7 12. Bxe5 Qxe5 13. f4 h4 14. Qe3 Qc7 {1-0 (35) Ding,L (2811)-Shankland,S (2705) chess.com INT 2019}) 6... Nf6 7. Nxc6 (7. Ndb5 {looks sharper.} Qb8 8. Qg3 d6 9. Be3 a6 10. Nd4) 7... bxc6 8. Qg3 {The position is equal.} Qxg3 9. hxg3 d5 10. Bd3 a5 $146 ({Predecessor:} 10... Rb8 11. f3 Nd7 12. b3 Bb4 13. Bd2 Nc5 {1-0 (59) Tsydypov,Z (2525)-Iljiushenok,I (2516) Sochi 2018}) 11. f3 Ba6 12. g4 dxe4 (12... Bxd3 $11 13. cxd3 Rb8) 13. Bxa6 $16 {White is better.} Rxa6 14. g5 Nd5 15. Nxe4 Be7 16. Bd2 O-O 17. O-O-O c5 18. Rh5 g6 19. Rh6 f5 20. gxf6 $1 Nxf6 {Accuracy: White = 46%, Black = 55%.} 1-0

[Event "15th Governor Cup 2019"]
[Site "Khanty-Mansiysk"]
[Date "2019.11.20"]
[Round "2.10"]
[White "Skvortsov, Andrey"]
[Black "Ponkratov, Pavel"]
[Result "1/2-1/2"]
[WhiteElo "2137"]
[BlackElo "2619"]
[Annotator "TA"]
[PlyCount "64"]
[EventDate "2019.11.19"]
[EventType "swiss"]
[EventCountry "RUS"]
[SourceTitle "playchess.com"]
[Source "ChessBase"]
[SourceQuality "1"]

{[%evp 20,64,-5,-35,-23,-58,-16,-42,-43,-53,-55,-44,-48,-53,-56,-52,-53,-52,-43,-66,-50,-44,-54,-49,-8,-23,-2,-73,-72,-77,-57,-60,0,-69,-56,-64,-54,-61,-56,-58,-58,-73,-59,-43,-43,-48,-27]} 1. e4 c5 2. Ne2 Nc6 3. Nbc3 g6 4. d4 cxd4 5. Nxd4 Bg7 6. Nde2 Nf6 7. g3 b5 8. Bg2 Rb8 9. O-O O-O 10. h3 d6 11. Nd5 Nd7 {B34: Sicilian: Accelerated Dragon with 5 Nc3: sidelines} 12. Kh2 $146 ({Predecessor:} 12. c3 e6 13. Ne3 Nc5 14. Nf4 Bb7 15. g4 b4 {½-½ (15) Cherniaev,A (2451)-Szabo,G (2546) Windsor 2016}) 12... Nc5 13. Rb1 e6 14. Ndf4 b4 15. Be3 Bb7 16. Nd3 Qa5 17. Nec1 $1 Na4 18. Nb3 Qc7 19. Qd2 Ba6 20. Bh6 Bxh6 21. Qxh6 Ne5 22. Rfd1 (22. f4 $5 {[%cal Rf4e5]} Nxd3 23. cxd3 $11) 22... Rfc8 23. Qe3 (23. f4 $11 {remains equal.} Nxd3 24. cxd3) 23... Qb6 $17 {Strongly threatening ...Qxe3.} 24. Qd2 Rc7 25. Na1 Rcc8 26. Nb3 Rb7 27. Na1 Kg7 28. Qe1 Bxd3 29. cxd3 Nc6 30. Rdc1 Nc5 31. Qd2 Nd4 32. Rc4 e5 {Accuracy: White = 57%, Black = 60%.} 1/2-1/2

[Event "15th Governor Cup 2019"]
[Site "Khanty-Mansiysk"]
[Date "2019.11.20"]
[Round "2.11"]
[White "Goganov, Aleksey"]
[Black "Voskresenskaya, Marta"]
[Result "1-0"]
[WhiteElo "2565"]
[BlackElo "1859"]
[Annotator "TA"]
[PlyCount "19"]
[EventDate "2019.11.19"]
[EventType "swiss"]
[EventCountry "RUS"]
[SourceTitle "playchess.com"]
[Source "ChessBase"]
[SourceQuality "1"]

{[%evp 9,19,14,22,25,94,106,109,110,170,172,619,608]} 1. Nf3 Nf6 2. c4 c6 3. Nc3 d5 4. e3 Bg4 5. cxd5 cxd5 (5... Bxf3 6. Qxf3 cxd5 7. Bb5+ Nc6 8. Bxc6+ bxc6 9. b3 e6 10. Bb2 Be7 11. Rc1 O-O 12. O-O Qa5 13. Rc2 c5 14. d3 Qa6 {½-½ (49) Ivanchuk,V (2710)-Vitiugov,N (2721) Jurmala 2016}) 6. Qb3 {A11: English Opening: 1...c6} Bxf3 (6... Bc8 $11 {keeps the balance.}) 7. Qxb7 $16 {[#] aiming for Nb5.} ({Of course not} 7. gxf3 $6 Qd7 $11) 7... Nbd7 {Threatens to win with ...Be4.} 8. gxf3 Qc8 $146 (8... Rb8 $16 {was necessary.} 9. Qxa7 e6) ({Predecessor:} 8... e6 9. Nb5 Rc8 10. Nxa7 Rc7 11. Qa6 Nb8 12. Qa4+ Nfd7 13. Nb5 {0-1 (35) Batsiashvili,N (2459)-Borisova,E (2244) St Petersburg 2018}) 9. Ba6 $18 e6 $2 (9... Qxb7 10. Bxb7 Rb8) 10. Qxc8+ 1-0

[Event "15th Governor Cup 2019"]
[Site "Khanty-Mansiysk"]
[Date "2019.11.20"]
[Round "2.12"]
[White "Obgolts, Erik"]
[Black "Belyakov, Bogdan"]
[Result "1/2-1/2"]
[WhiteElo "2371"]
[BlackElo "2495"]
[Annotator "TA"]
[PlyCount "97"]
[EventDate "2019.11.19"]
[EventType "swiss"]
[EventCountry "RUS"]
[SourceTitle "playchess.com"]
[Source "ChessBase"]
[SourceQuality "1"]

{[%evp 9,97,0,20,23,29,16,25,14,20,13,5,-18,137,134,135,66,59,-35,-33,-37,-15,-10,-10,-13,-12,-35,-35,-24,-34,-29,-31,-55,-54,-61,7,0,0,0,37,0,0,0,15,14,15,15,17,14,11,18,33,49,40,29,26,25,34,40,35,43,67,53,75,8,8,8,8,0,0,0,0,0,0,-8,-8,-8,0,0,0,0,0,0,8,8,8,8,8,8,8,8]} 1. d4 d5 2. Nf3 Nf6 3. Bf4 e6 4. e3 c5 5. Nbd2 cxd4 6. exd4 {D02: 1 d4 d5 2 Nf3 sidelines, including 2...Nf6 3 g3 and 2...Nf6 3 Bf4} Nc6 7. c3 Nh5 8. Be3 {White has an edge.} (8. Bg5 f6 9. Be3 Bd6 10. g3 O-O 11. Nh4 g6 12. Be2 Ng7 13. O-O e5 14. dxe5 fxe5 {½-½ (59) Aronian,L (2767)-Nakamura,H (2777) chess.com INT 2018}) 8... Bd6 9. g3 Nf6 10. h3 Ne4 $146 {[#]} (10... O-O $11) ({Predecessor:} 10... Qc7 11. Bg2 O-O 12. O-O b6 13. Re1 Ba6 14. Rc1 Rac8 {0-1 (49) Youssoupov,M (2231)-Miron,L (2489) Rochefort 2018}) 11. Nxe4 $1 $16 dxe4 12. Nd2 ({White should play} 12. Ng5 $16) 12... f5 $14 13. Bg2 (13. Qh5+ $14 g6 14. Qe2) 13... O-O $15 14. O-O Ne7 15. Nc4 Bc7 16. Ne5 Nd5 17. Bd2 Bxe5 18. dxe5 Qc7 19. Qe2 Qxe5 20. f3 {[%cal Rf3e4]} Qxg3 21. fxe4 fxe4 (21... Nf6 $15) 22. Rxf8+ $11 Kxf8 23. Qxe4 Kg8 24. c4 (24. Qa4 $5 {[%cal Ra4e8]} Qg6 25. Re1 $14) 24... Nf6 25. Qf4 Qg6 26. Kh2 e5 27. Qxe5 {White wants to play Rg1.} Bd7 28. Qg3 ({Wrong is} 28. Bxb7 $2 Re8 $19) 28... Qxg3+ 29. Kxg3 Bc6 30. Bxc6 bxc6 $14 {[%mdl 4096] Endgame KRB-KRN} 31. Re1 Rd8 32. Bc3 Rd3+ 33. Kg2 Kf7 34. Re5 Rd7 35. a4 (35. b3 {looks sharper.} g6 36. Ra5 Nh5 37. h4 Ke6 38. Be1) 35... Re7 36. Kf3 ({White should try} 36. Rxe7+ $16 Kxe7 37. b4) 36... Rxe5 $11 {The position is equal.} 37. Bxe5 {KB-KN} Nd7 38. Bd4 c5 39. Bc3 g5 40. Ke4 Ke6 41. b4 cxb4 42. Bxb4 Nb6 43. Bc5 Nxa4 44. Bxa7 Nb2 45. Kd4 Nxc4 46. Kxc4 {[#] Kd4 is the strong threat.} Kf5 47. Kd3 Kf4 48. Be3+ Kg3 49. Bxg5 {Accuracy: White = 53%, Black = 61%.} 1/2-1/2

[Event "15th Governor Cup 2019"]
[Site "Khanty-Mansiysk"]
[Date "2019.11.20"]
[Round "2.13"]
[White "Savitskiy, Sergey"]
[Black "Shafigullina, Zarina"]
[Result "1-0"]
[WhiteElo "2396"]
[BlackElo "2295"]
[Annotator "TA"]
[PlyCount "54"]
[EventDate "2019.11.19"]
[EventType "swiss"]
[EventCountry "RUS"]
[SourceTitle "playchess.com"]
[Source "ChessBase"]
[SourceQuality "1"]

{[%evp 14,54,50,48,41,61,60,58,95,91,115,79,274,277,328,329,404,403,512,508,506,513,500,406,552,544,685,680,877,866,29985,29986,29986,29987,29987,29988,29988,29989,29987,5389,29995,29986,29997]} 1. e4 c5 2. Nf3 e6 3. d4 cxd4 4. Nxd4 a6 5. Bd3 Nc6 6. Nxc6 bxc6 7. O-O d5 8. c4 d4 {B42: Sicilian: Kan Variation: 5 Bd3} 9. e5 c5 10. Nd2 Bb7 $146 {White is slightly better.} ({Predecessor:} 10... Ne7 11. Ne4 Nc6 12. Bg5 Qd7 13. Bc2 Qd8 14. Bd3 Qd7 15. Bc2 Nxe5 16. Ba4 {½-½ (48) Salem,A (2595)-Xu,Y (2463) Al Ain 2015}) 11. Ne4 Qc7 12. Re1 O-O-O $2 (12... Be7 $16 {was worth a try.}) 13. b4 $18 cxb4 {[#]} 14. c5 $1 {[%mdl 512]} Bxe4 (14... Bxc5 15. Nxc5) 15. Bxe4 ({Not} 15. Rxe4 Bxc5 16. Bxa6+ Kb8 $16) 15... Bxc5 16. Qa4 Qb6 17. Bd2 Ne7 {[#] Black wants to play ...Nd5.} 18. a3 $1 {[%cal Ba2a3,Ba3b4][%mdl 544]} d3 (18... bxa3 19. Rec1) 19. Rec1 Kb8 {[#]} 20. Rxc5 $1 {[%mdl 576] Deflection} Qxc5 21. Qxa6 {[%csl Ge4][%cal Ra6b7]} Nd5 22. axb4 Qb6 23. Qa8+ Kc7 24. Ra7+ Qxa7 25. Qxa7+ Kc6 26. Bxd3 (26. Be3 $142 f6 27. Qb6+ Kd7 28. Bxd5 exd5 29. e6+ Ke8 30. Bc5 Rc8 31. Qd6 Rc7 32. Qxc7 h6 33. Qe7#) 26... Nb6 27. Be3 Kd5 {Accuracy: White = 85%, Black = 29%.} 1-0

[Event "15th Governor Cup 2019"]
[Site "Khanty-Mansiysk"]
[Date "2019.11.20"]
[Round "2.14"]
[White "Bilguun, Sumiya"]
[Black "Semenova, Elena"]
[Result "1-0"]
[WhiteElo "2496"]
[BlackElo "2282"]
[Annotator "TA"]
[PlyCount "85"]
[EventDate "2019.11.19"]
[EventType "swiss"]
[EventCountry "RUS"]
[SourceTitle "playchess.com"]
[Source "ChessBase"]
[SourceQuality "1"]

{[%evp 9,85,19,16,17,12,12,11,0,6,20,12,15,20,20,15,21,26,14,45,51,77,58,52,56,148,165,154,140,150,148,129,148,151,143,116,67,70,68,128,139,141,86,152,158,178,167,177,160,754,483,453,290,301,301,298,291,289,297,289,282,282,285,282,282,254,260,358,357,343,336,840,840,837,837,747,737,29975,29976]} 1. e4 e5 2. Bc4 Nf6 3. d3 Nc6 4. Nf3 Bc5 5. O-O O-O 6. a4 {C50: Hungarian Defence and Giuoco Pianissimo} (6. c3 d6 7. h3 h6 8. Re1 a6 9. a4 a5 10. Nbd2 Be6 11. Bb5 Na7 12. d4 Nxb5 13. dxc5 Na7 14. b3 Re8 15. cxd6 Qxd6 16. Ba3 {1-0 (43) Carlsen,M (2882)-So,W (2776) Saint Louis 2019}) 6... d6 7. Bg5 h6 8. Bh4 {The position is equal.} g5 9. Bg3 a6 10. c3 Ba7 11. Na3 Kg7 $146 ({Predecessor:} 11... Ne7 12. Re1 Ng6 13. d4 Qe7 14. Nc2 c6 15. Ba2 Qc7 {0-1 (34) Zumsande,M (2490)-Pranav,A (2274) Stockholm 2018}) 12. Nc2 Ne7 13. Re1 Nh5 14. d4 $1 f5 15. exf5 $1 Nxg3 16. hxg3 e4 (16... Bxf5 $14 17. dxe5 dxe5) 17. Rxe4 $16 d5 18. Rxe7+ $1 Qxe7 {[#]} 19. Bd3 $1 Bxf5 20. Bxf5 Rxf5 21. Ne3 Rff8 22. Nxd5 Qf7 23. Ne3 Rae8 (23... c5 $14) 24. g4 Qf4 {White should prevent ...h5!} 25. Qc2 (25. Nf5+ $142 Kh7 26. Ne5 Rxf5 27. Nd3 (27. gxf5 Rxe5 28. g3 Qxf5 $11)) 25... Rxe3 ({Better is} 25... c6) 26. fxe3 Qxe3+ 27. Kh1 Qf4 {[#]} 28. Re1 $1 $36 {[%mdl 2048] aiming for Ne5. White has strong initiative.} Rf7 $2 (28... c6 $16 29. Re6 (29. Re7+ Rf7 $16) 29... Rf6) 29. Re6 Rf6 30. Re7+ Rf7 31. Rxf7+ Qxf7 32. Qe4 c6 33. Qe5+ Qf6 34. Qc7+ Qf7 35. Qc8 Bb6 36. Ne5 Qe7 37. Qf5 Bc7 38. Qg6+ Kf8 39. Qxh6+ Qg7 $2 (39... Kg8 40. Qg6+ Kf8 41. Qf5+ Kg7) 40. Nd7+ $18 Kf7 41. Qxg7+ Kxg7 42. Nc5 b5 43. Ne6+ {Accuracy: White = 75%, Black = 54%.} 1-0

[Event "15th Governor Cup 2019"]
[Site "Khanty-Mansiysk"]
[Date "2019.11.20"]
[Round "2.15"]
[White "Pogosyan, Stefan"]
[Black "Yakimova, Mariya"]
[Result "1/2-1/2"]
[WhiteElo "2455"]
[BlackElo "2276"]
[Annotator "TA"]
[PlyCount "88"]
[EventDate "2019.11.19"]
[EventType "swiss"]
[EventCountry "RUS"]
[SourceTitle "playchess.com"]
[Source "ChessBase"]
[SourceQuality "1"]

{[%evp 15,88,0,9,-27,-29,-28,-35,-55,0,0,7,0,16,0,49,-29,-24,-17,-31,-38,-29,-26,0,-40,13,0,26,11,21,19,10,29,243,-10,0,-9,140,147,137,-31,22,20,31,-29,-34,-27,-14,-12,-8,-8,-8,-22,-18,-20,-22,-54,-13,-13,-15,-17,-8,-8,-8,-8,-8,-8,-8,-8,-8,-8,-8,-8,-8,-8,-8]} 1. e4 c5 2. Ne2 d6 3. g3 Nc6 4. Bg2 g6 5. O-O Bg7 6. c3 e5 7. d3 Nge7 8. Be3 O-O 9. Na3 {B20: Sicilian: Unusual White 2nd moves} (9. f4 Be6 10. Nd2 Qd7 11. Nf3 Bh3 12. Bxh3 Qxh3 13. fxe5 Nxe5 14. Nxe5 Bxe5 15. Bg5 Qd7 16. Qb3 {½-½ (16) Munoz Pantoja,M (2511)-Lupulescu,C (2649) Riga 2019}) 9... b6 10. f4 d5 11. Qc2 $146 {Black is slightly better.} ({Predecessor:} 11. h3 Be6 12. fxe5 d4 13. cxd4 Nxd4 14. Nxd4 cxd4 15. Bf4 Nc6 16. Rc1 Nxe5 {½-½ (63) De Wit,A (1955)-Van Engen,H (2161) Hilversum 2010}) 11... dxe4 (11... d4 $15 12. Bd2 Ba6) 12. dxe4 $11 exf4 13. gxf4 Ba6 14. Rad1 Qc7 {[#]} 15. Bf3 (15. b4 $1 $14 {[%mdl 512]} cxb4 16. cxb4 Bxe2 17. Qxe2) 15... Rad8 {[#]} 16. b4 $1 {[%mdl 512]} Bxe2 (16... cxb4 17. cxb4) 17. Bxe2 cxb4 18. cxb4 Qb7 19. Nb5 Nxb4 ({Black should play} 19... Qb8 $15) 20. Qc4 Nbc6 21. Nd6 $36 {[%mdl 2048] White has the initiative.} Qb8 22. e5 Na5 $1 {[%cal Ra5c4]} 23. Qe4 Nc8 $2 {[#]} (23... Qc7 $11) 24. Nb5 $2 (24. Nxf7 $1 $18 Rxd1 25. Rxd1 Rxf7 26. Rd8+ Rf8 27. Qd5+ Kh8 28. Rxf8+ Bxf8 {[#]} 29. Qd8 $1 {[%mdl 512]}) 24... Ne7 25. Bg4 f5 (25... Qb7 $11 26. Qxb7 Nxb7) 26. exf6 $1 $16 Bxf6 27. f5 $2 (27. Rxd8 $16 Qxd8 28. Rd1 (28. Nxa7 Nf5 $16)) 27... Rxd1 (27... Nxf5 $15 28. Rxd8 (28. Bxf5 gxf5 29. Rxd8 Qxd8 $15) 28... Qxd8 29. Bxf5 gxf5 30. Rxf5 Kh8) 28. Rxd1 $11 {And now Qe6+ would win.} gxf5 29. Bxf5 (29. Qe6+ $1 $14 Kh8 30. Nd6 fxg4 31. Nf7+ Kg7 32. Bh6+ {[%mdl 64] Skewer} Kg6 33. Bxf8 Qxf8 34. Ne5+ {[%mdl 64] Double Attack} Kg7 35. Qxg4+ Kh6 36. Rd6) 29... Nxf5 30. Qxf5 {aiming for Rd7!} Qe5 31. Qxe5 Bxe5 32. Nxa7 Nc4 33. Bf2 {[#]} Bxh2+ $1 {[%mdl 512]} 34. Kg2 (34. Kxh2 Rxf2+) 34... Bf4 35. Rd7 Be3 36. Bxe3 {The position is equal.} Nxe3+ {[%mdl 4096] Endgame KRN-KRN} 37. Kg3 Rf7 (37... Nc4 {looks sharper.} 38. Nc6 Rf1 39. Rc7 Rf7 40. Ne7+ Kf8) 38. Rxf7 Kxf7 {KN-KN} 39. Nc8 Nc4 {With the idea ...Ke6.} 40. Kg4 Kg6 41. a4 Kf6 42. Kh5 Ke6 43. Kh6 Kd7 {[#]} 44. Nxb6+ $1 {[%mdl 512]} Nxb6 {Accuracy: White = 41%, Black = 37%.} 1/2-1/2

[Event "15th Governor Cup 2019"]
[Site "Khanty-Mansiysk"]
[Date "2019.11.20"]
[Round "2.16"]
[White "Lysenko, Margarita"]
[Black "Chekletsov, Ilya"]
[Result "1-0"]
[WhiteElo "2243"]
[BlackElo "2386"]
[Annotator "TA"]
[PlyCount "141"]
[EventDate "2019.11.19"]
[EventType "swiss"]
[EventCountry "RUS"]
[SourceTitle "playchess.com"]
[Source "ChessBase"]
[SourceQuality "1"]

{[%evp 24,141,0,3,3,5,5,6,6,6,0,2,30,29,35,31,45,50,75,78,70,62,70,74,101,100,92,62,66,45,47,56,52,47,43,45,49,49,81,52,48,41,41,41,49,39,70,0,45,0,70,72,78,81,92,65,70,58,67,62,77,25,25,25,45,27,30,20,281,281,281,281,754,475,796,612,756,475,428,428,400,283,715,0,356,0,570,735,622,614,516,496,506,514,506,481,481,457,456,397,232,0,0,0,0,0,0,0,12839,0,12840,12840,12841,12841,12841,12842,12842,12836,12844,12844]} 1. d4 Nf6 2. c4 e6 3. Nc3 Bb4 4. f3 d5 5. a3 Bxc3+ 6. bxc3 c5 7. cxd5 Nxd5 8. dxc5 Qa5 9. e4 Nf6 10. Be3 O-O 11. Qb3 Nfd7 12. a4 {[%cal Ba3a4,Ba4a5][%mdl 32]} Qc7 13. Qa3 b6 {E25: Nimzo-Indian: Sämisch: 5...c5 6 f3 d5 7 cxd5} 14. a5 bxc5 15. a6 c4 {The position is equal.} 16. Qa5 Qxa5 17. Rxa5 Bxa6 (17... Nc6 18. Ra2 Nde5 19. f4 Ng4 20. Bc1 Rb8 21. Nh3 {½-½ (32) Wang,H (2743)-Radjabov,T (2745) Stavanger 2013}) 18. Ne2 $36 {[%mdl 2048] White has some pressure.} Rc8 19. Nd4 {[%mdl 1024] White has compensation.} Nc5 20. Be2 Nbd7 21. O-O Rab8 $146 22. Rfa1 Rb6 23. Bf1 h6 24. Nc2 Rc7 25. Nb4 {[%cal Rb4a6]} Bb5 26. Rxa7 Rxa7 27. Rxa7 Rb7 28. Rxb7 Nxb7 29. Nc2 Ba6 30. Kf2 Kf8 31. Na3 Na5 32. Ke1 Ke7 33. Be2 Kd6 34. Nc2 Nc6 35. Na3 Na5 36. Nc2 Nc6 37. Bc1 Nce5 38. Ba3+ Kc7 39. Ne3 Kc6 40. Kd2 Nc5 41. Nc2 {Threatens to win with Nb4+.} Ned3 42. Nb4+ ({Better is} 42. Bxd3 $16 Nxd3 43. Nd4+ Kd7 44. Bf8) 42... Nxb4 $11 43. Bxb4 h5 44. Bxc5 Kxc5 $14 {[%mdl 4096] Endgame KB-KB} 45. f4 g6 $2 {[%mdl 8192]} (45... h4 $1 $11 {and Black stays safe.}) 46. e5 $18 Bb7 47. g3 Ba8 $2 (47... Bg2 48. Ke3 Bb7) 48. Ke3 Bb7 (48... Bg2 $142 49. Bf3 Bxf3 50. Kxf3 Kd5) 49. Bd1 Bc6 50. Bc2 Bd7 51. Be4 Ba4 52. Bf3 Bb5 $2 (52... Bc2 53. Be2 Kd5) 53. Be4 (53. h4 $142 Ba4 54. Be2) 53... Ba4 $1 54. Bf3 $2 (54. Kd2 Bd7 55. Ke3) 54... Bb5 $1 55. h4 Bc6 56. Bd1 Bb5 57. g4 hxg4 58. Bxg4 Kd5 59. Bf3+ Kc5 60. h5 gxh5 61. Bxh5 Be8 62. f5 $2 ({White should play} 62. Kf2 $18) 62... Kd5 $1 $11 63. Kf4 {aiming for f6.} exf5 64. Kxf5 Bd7+ $1 65. Kf4 Be6 $2 {[%mdl 8192]} (65... Be8 $11) 66. Bf3+ $1 $18 Kc5 67. Kg5 $1 {[%cal Rg5f6] White is clearly winning.} Kb5 {[#]} 68. Bd1 $1 Kc5 {[#]} 69. Kf6 $1 Kc6 70. Bf3+ Kc5 71. Ke7 {Accuracy: White = 62%, Black = 54%.} 1-0

[Event "15th Governor Cup 2019"]
[Site "Khanty-Mansiysk"]
[Date "2019.11.20"]
[Round "2.17"]
[White "Mochalin, Faddey"]
[Black "Guseva, Marina"]
[Result "0-1"]
[WhiteElo "2188"]
[BlackElo "2366"]
[Annotator "TA"]
[PlyCount "76"]
[EventDate "2019.11.19"]
[EventType "swiss"]
[EventCountry "RUS"]
[SourceTitle "playchess.com"]
[Source "ChessBase"]
[SourceQuality "1"]

{[%evp 17,76,15,22,-14,-4,-2,-7,-3,0,-112,-102,-96,-117,-112,-89,-122,0,0,0,0,0,0,0,-39,-21,-66,-56,-61,-68,-160,-153,-160,-159,-162,-160,-160,-163,-163,-163,-162,-147,-146,-143,-169,-154,-175,-160,-170,-182,-206,-196,-212,-212,-216,-226,-220,-208,-204,-198,-511,-511]} 1. d4 Nf6 2. c4 e6 3. Nf3 b6 4. g3 Ba6 5. b3 Bb4+ 6. Bd2 Be7 7. Nc3 O-O 8. Bg2 c6 9. e4 d5 $1 10. Qe2 {E15: Queen's Indian: 4 g3 sidelines, 4 g3 Ba6 and 4 g3 Bb7 early deviations} (10. exd5 cxd5 11. Ne5 Bb7 12. O-O Nc6 13. Bf4 Na5 14. Rc1 Rc8 15. Qe2 Ba3 16. Rc2 Bb4 17. Bg5 Re8 {½-½ (41) Cheparinov,I (2666)-Banikas,H (2601) Patras 2019}) 10... b5 {[%cal Rb5c4]} 11. e5 {[%cal Rc4b5]} Nfd7 {[%cal Rb5c4]} 12. cxb5 {The position is equal.} cxb5 {White must now prevent ...b4.} 13. Nxb5 $146 (13. Qe3 $11 {remains equal.}) ({Predecessor:} 13. Qe3 Nc6 14. Bf1 Qb6 15. Bd3 Rfc8 16. h4 Rc7 17. O-O Rac8 {0-1 (36) Ankit,R (2491)-Bashirli,N (2323) Dubai 2016}) 13... Ba3 $1 $17 14. Bf1 Qb6 $1 15. b4 Nc6 16. Rb1 {[#]} Bxb5 ({Better is} 16... Rfc8 $1 $17 17. Qd3 Bxb5 {[%mdl 64] Overworked Piece} 18. Qxb5 Nxd4 19. Nxd4 Qxd4) 17. Qxb5 $11 {Strongly threatening Be2.} Nxd4 18. Qd3 Nxf3+ {[%mdl 64] Overworked Piece} 19. Qxf3 Qd4 20. Qe3 (20. Qf4 {is interesting.} Bb2 21. Qxd4 Bxd4 22. f4 f6 23. Bb5) 20... Qxe3+ ({Not} 20... Nxe5 21. Qxd4 Nf3+ 22. Kd1 $16) ({Don't go for} 20... Qxe5 $2 21. Qxe5 Nxe5 22. Rb3 $16) 21. Bxe3 {With the idea Rb3.} Rfb8 $36 {[%mdl 2048] Black is more active.} ({But not} 21... Nxe5 $6 22. Rb3 $11) 22. Bd2 {Hoping for Rb3.} a5 {[%cal Ra3b4]} 23. f4 (23. b5 $15) 23... Bxb4 $17 24. Bd3 Nc5 25. Ke2 Nxd3 26. Kxd3 Bxd2 27. Kxd2 $19 {[%mdl 4096] Endgame KRR-KRR} Rb4 28. Rhc1 h5 29. a3 Ra4 30. Rb3 Ra7 31. Ke3 Kh7 32. h3 Rd7 33. Rc5 Kg6 34. g4 hxg4 35. hxg4 {[#]} Rd8 $1 36. Kf3 Rh8 37. Kg3 Rh1 {And now ...Rg1+ would win.} 38. Rc2 $2 (38. Rf3) 38... Rg1+ {Accuracy: White = 52%, Black = 92%.} 0-1